Statistics for All FromSoftware Games

Click here to take the quiz!

General Stats

  • This quiz has been taken 104 times
    (103 since last reset)
  • The average score is 13 of 68

Answer Stats

Initial ReleaseSystemAnswer% Correct
22nd Sep 2011Playstation 3, Xbox 360, WindowsDark Souls
100%
13th Mar 2014Playstation 3, Xbox 360, Playstation 4, Xbox One, WindowsDark Souls II
99%
24th Mar 2016Playstation 4, Xbox One, WindowsDark Souls III
99%
25th Feb 2022Playstation 4, Xbox One, Playstation 5, Xbox Series X/S, WindowsElden Ring
99%
24th Mar 2015Playstation 4Bloodborne
91%
22nd Mar 2019Playstation 4, Xbox One, Windows, StadiaSekiro: Shadows Die Twice
76%
5th Feb 2009Playstation 3Demon's Souls
72%
10th July 1997PlaystationArmored Core
60%
3rd Aug 2000Playstation 2Armored Core 2
53%
21st Dec 2006Playstation 3, Xbox 360Armored Core 4
53%
26th Jan 2012Playstation 3, Xbox 360Armored Core V
53%
1st Apr 2002Playstation 2Armored Core 3
51%
24th May 2018Playstation 4, Xbox One, Nintendo SwitchDark Souls Remastered
51%
16th Dec 1994PlaystationKing's Field
42%
21st July 1995PlaystationKing's Field II
36%
21st June 1996PlaystationKing's Field III
34%
5th Feb 2015Playstation 3, Xbox 360, Playstation 4, Xbox One, WindowsDark Souls II: Scholar of the First Sin
33%
4th Oct 2001Playstation 2King's Field IV
30%
29th Jan 2009Xbox 360, WindowsNinja Blade
11%
6th Nov 2018Playstation 4 (Playstation VR)Deracine
10%
25th June 1998PlaystationShadow Tower
10%
4th Mar 2000Playstation 2Eternal Ring
7%
22nd Dec 2004XboxMetal Wolf Chaos
7%
26th Sep 2013Playstation 3, Xbox 360Armored Core: Verdict Day
5%
12th Apr 2001Playstation 2Armored Core 2: Another Age
4%
4th Dec 1997PlaystationArmored Core: Project Phantasma
4%
23rd Oct 2003Playstation 2Shadow Tower Abyss
4%
19th Mar 2008Playstation 3, Xbox 360Armored Core: For Answer
3%
4th Aug 2005Playstation 2Armored Core: Last Raven
3%
4th Feb 1999PlaystationArmored Core: Master of Arena
3%
13th Aug 1998PlaystationEcho Night
3%
27th Apr 2000Playstation 2Evergrace
3%
12th Dec 2004Playstation PortableArmored Core: Formula Front
2%
18th Mar 2004Playstation 2Armored Core: Nexus
2%
28th Oct 2004Playstation 2Armored Core: Nine Breaker
2%
23rd Jan 2003XboxArmored Core: Silent Line
2%
29th June 2006Xbox 360Chromehounds
2%
21st June 2001Playstation 2Forever Kingdom
2%
15th July 1999DreamcastFrame Gride
2%
1st Apr 2004Playstation 2Kuon
2%
25th Apr 2002GamecubeLost Kingdoms
2%
8th Oct 2008Xbox 360Shadow Assault: Tenchu
2%
16th June 1999PlaystationSpriggan: Lunar Verse
2%
21st Mar 2012Xbox 360Steel Battalion: Heavy Armor
2%
7th Dec 2000Playstation 2The Adventures of Cookie & Cream
2%
27th Jan 2005Playstation 2Another Century's Episode
1%
30th Mar 2006Playstation 2Another Century's Episode 2
1%
19th Aug 2010Playstation 3Another Century's Episode: R
1%
5th Aug 1999PlaystationEcho Night 2: Lord of Nightmares
1%
12th Jan 2006Playstation 3, XboxEnchanted Arms
1%
23rd May 2003GamecubeLost Kingdoms II
1%
25th Dec 2003XboxOtogi 2: Immortal Warriors
1%
12th Dec 2002Playstation 2Otogi: Myth of Demons
1%
20th Mar 2003XboxThousand Land
1%
23rd Apr 2009Nintendo DSYatsu Hakamura
1%
6th Sep 2007Playstation 2Another Century's Episode 3: The Final
0%
13th Jan 2011Playstation PortableAnother Century's Episode Portable
0%
22nd Jan 2009Nintendo DSInugamike no Ichizoku
0%
24th May 2007Nintendo DSIraroji VOW
0%
20th July 2006Playstation PortableKing's Field: Additional I
0%
24th Aug 2006Playstation PortableKing's Field: Additional II
0%
8th Mar 2012Playstation 3Mobile Suit Gundam Unicorn
0%
26th Aug 2010Playstation PortableMonster Hunter Diary
0%
10th Sep 2015Nintendo 3DSMonster Hunter Diary: Poka Poka Airou Village DX
0%
25th July 2002XboxMurakumo: Renegade Mech Pursuit
0%
26th Apr 2007Nintendo DSNanpure VOW
0%
22nd Jan 2004Playstation 2Nebula: Echo Night
0%
13th Jan 2005Playstation 2Yoshitsune Eiyuden
0%

Score Distribution

Percentile by Number Answered

Percent of People with Each Score

Your Score History

You have not taken this quiz since the last reset